书目信息 |
| 题名: |
几许丹青院画中
|
|
| 作者: | 徐燕露, 著 | |
| 分册: | ||
| 出版信息: | 杭州 杭州出版社 2021.01 |
|
| 页数: | 187页 | |
| 开本: | 24cm | |
| 丛书名: | 杭州优秀传统文化丛书 | |
| 单 册: | ||
| 中图分类: | J209.244.2 | |
| 科图分类: | ||
| 主题词: | 宫廷--gong ting--绘画史--研究--中国--南宋 | |
| 电子资源: | ||
| ISBN: | 978-7-5565-1427-4 | |
| 000 | 01214nam 2200277 450 | |
| 001 | CAL 0120217169337 | |
| 005 | 20230217093112.0 | |
| 010 | @a978-7-5565-1427-4@dCNY45.00 | |
| 100 | @a20210603d2021 em y0chiy0120 ea | |
| 101 | 0 | @achi |
| 102 | @aCN@b330000 | |
| 105 | @aa a 000yy | |
| 106 | @ar | |
| 200 | 1 | @a几许丹青院画中@Aji xu dan qing yuan hua zhong@f徐燕露著 |
| 210 | @a杭州@c杭州出版社@d2021.01 | |
| 215 | @a187页@c图@d24cm | |
| 225 | 2 | @a杭州优秀传统文化丛书@Ahang zhou you xiu chuan tong wen hua cong shu |
| 314 | @a徐燕露, 中国语言文学硕士。 | |
| 320 | @a有书目 (第185-187页) | |
| 330 | @a本书以时间为脉络, 系统、生动地再现南宋时期浓郁而独特的自然、人文特色, 作为南宋画院创立和发展的一个重要背景。南宋画院, 以百年的深厚底蕴成为南宋文化的焦点。它是自上而下的艺术化和政治化的综合产物。画家、画作是画院的有机载体, 画院机制则是进行管理的有效手段, 几者之间密不可分。南宋院画因皇家而起而兴, 却无法消隐画家欲从绘画中体验个体生命意义的不懈追求。 | |
| 410 | 0 | @12001 @a杭州优秀传统文化丛书 |
| 606 | 0 | @a宫廷@Agong ting@x绘画史@x研究@y中国@z南宋 |
| 690 | @aJ209.244.2@v5 | |
| 701 | 0 | @a徐燕露,@Axu yan lu@f1996-@4著 |
| 801 | 0 | @aCN@bBJXHZP@c20230228 |
| 905 | @b1379991-4@dJ209.244.2@e1602@f4 | |
| 几许丹青院画中/徐燕露著.-杭州:杭州出版社,2021.01 |
| 187页:图;24cm.-(杭州优秀传统文化丛书) |
| ISBN 978-7-5565-1427-4:CNY45.00 |
| 本书以时间为脉络, 系统、生动地再现南宋时期浓郁而独特的自然、人文特色, 作为南宋画院创立和发展的一个重要背景。南宋画院, 以百年的深厚底蕴成为南宋文化的焦点。它是自上而下的艺术化和政治化的综合产物。画家、画作是画院的有机载体, 画院机制则是进行管理的有效手段, 几者之间密不可分。南宋院画因皇家而起而兴, 却无法消隐画家欲从绘画中体验个体生命意义的不懈追求。 |
| ● |
| 相关链接 |
|
|
|
|
正题名:几许丹青院画中
索取号:J209.244.2/1602
 
预约/预借
| 序号 | 登录号 | 条形码 | 馆藏地/架位号 | 状态 | 备注 |
| 1 | 1379991 | 213799914 | 第一样本阅览室/ [索取号:J209.244.2/1602] | 在馆 | |
| 2 | 1379992 | 213799923 | 第一借阅区/ [索取号:J209.244.2/1602] | 在馆 | |
| 3 | 1379993 | 213799932 | 第一借阅区/ [索取号:J209.244.2/1602] | 在馆 | |
| 4 | 1379994 | 213799941 | 第一借阅区/ [索取号:J209.244.2/1602] | 在馆 |